[Event "Northrop-Knights"]
[Site "?"]
[Date "2001.12.13"]
[Round "?"]
[White "Walker, Arnie"]
[Black "Fridman, Yuri"]
[Result "1/2-1/2"]
[WhiteElo "1775"]
[BlackElo "2039"]
[PlyCount "47"]
[EventDate "2001.??.??"]

1. c4 Nf6 2. Nc3 e6 3. e4 d6 4. d4 Be7 5. f4 O-O 6. Nf3 b6 7. Bd3 Bb7 8. Be3 c5
9. Qe2 Nc6 10. O-O-O cxd4 11. Nxd4 Nxd4 12. Bxd4 Qc8 13. g4 Nd7 14. Kb1 e5 15.
Be3 exf4 16. Bxf4 Ne5 17. Rhg1 Qe6 18. Nd5 Bd8 19. Qg2 Rc8 20. b3 Re8 21. Bc2
a6 22. Bxe5 dxe5 23. Bd3 Be7 24. Nxe7+ 1/2-1/2

[Event "Knights-Northrop"]
[Site "?"]
[Date "2001.12.13"]
[Round "?"]
[White "Thomson, Jim"]
[Black "Vigants, Al"]
[Result "1-0"]
[WhiteElo "1966"]
[BlackElo "1672"]
[PlyCount "59"]
[EventDate "2001.??.??"]

1. e4 c5 2. d4 cxd4 3. c3 dxc3 4. Nxc3 d6 5. Bc4 Nf6 6. e5 Ng4 7. Nf3 Nc6 8.
Bf4 g6 9. O-O Bg7 10. exd6 O-O 11. dxe7 Nxe7 12. Bd6 Re8 13. Ng5 Nh6 14. Qb3
Rf8 15. Rad1 Bd7 16. Rfe1 Rc8 17. Nce4 a6 18. Nc5 Nc6 19. Bxf8 Bxf8 20. Nxf7
Nxf7 21. Bxf7+ Kh8 22. Nxd7 Qc7 23. Nxf8 Na5 24. Nxg6+ hxg6 25. Qc3+ Qxc3 26.
bxc3 Kg7 27. Re8 Rxe8 28. Bxe8 Nc4 29. Rd7+ Kf6 30. Rxb7 1-0

[Event "Knights-Northrop"]
[Site "?"]
[Date "2001.12.13"]
[Round "?"]
[White "Balicki, Jeff"]
[Black "Gothier, Sean"]
[Result "1-0"]
[WhiteElo "1711"]
[BlackElo "1382"]
[PlyCount "43"]
[EventDate "2001.??.??"]

1. e4 c5 2. d4 cxd4 3. c3 dxc3 4. Nxc3 d6 5. Nf3 Nf6 6. Bc4 g6 7. e5 Ng4 8. h3
Nxe5 9. Nxe5 dxe5 10. Bxf7+ Kxf7 11. Qxd8 Bd7 12. Qc7 Bc6 13. O-O Na6 14. Qxe5
Bg7 15. Qf4+ Bf6 16. Qc4+ Kg7 17. Bf4 Rac8 18. Qe2 Nc5 19. Qe3 Na4 20. Bh6+ Kf7
21. Rfe1 Rhe8 22. Qe6# 1-0

[Event "Northrop-Knights"]
[Site "?"]
[Date "2001.12.13"]
[Round "?"]
[White "Burian, Dave"]
[Black "Augsburger, Len"]
[Result "1/2-1/2"]
[WhiteElo "1590"]
[BlackElo "1698"]
[PlyCount "49"]
[EventDate "2001.??.??"]

1. e4 c6 2. d4 d5 3. exd5 cxd5 4. Nc3 Nf6 5. Bg5 Bf5 6. Bd3 Bxd3 7. Qxd3 e6 8.
Nf3 Be7 9. O-O O-O 10. Rfe1 Qb6 11. b3 Nc6 12. Na4 Qc7 13. c4 dxc4 14. bxc4
Rfd8 15. Qc3 Bb4 16. Qe3 Bxe1 17. Rxe1 Nxd4 18. Bxf6 Nxf3+ 19. Qxf3 gxf6 20.
Qxf6 Qa5 21. Nc3 Qf5 22. Qe7 Re8 23. Qxb7 Reb8 24. Qe7 Re8 25. Qb7 1/2-1/2

[Event "Kemper-Kings"]
[Site "?"]
[Date "2001.12.20"]
[Round "?"]
[White "Siwek, Mark"]
[Black "Melnikov, Igor"]
[Result "1/2-1/2"]
[WhiteElo "1984"]
[BlackElo "2015"]
[PlyCount "38"]
[EventDate "2001.??.??"]

1. d4 Nf6 2. Nf3 d5 3. Bg5 e6 4. e3 h6 5. Bh4 Be7 6. Bd3 Nbd7 7. Nbd2 c5 8. c3
b6 9. O-O Bb7 10. Qe2 O-O 11. e4 cxd4 12. cxd4 Nxe4 13. Bxe7 Qxe7 14. Nxe4 dxe4
15. Bxe4 Bxe4 16. Qxe4 Nf6 17. Qe2 Rac8 18. Rac1 Rc7 19. Rc4 Rfc8 1/2-1/2

[Event "Kemper-Kings"]
[Site "?"]
[Date "2001.12.20"]
[Round "?"]
[White "Easton, Richard"]
[Black "Cygan, Joe"]
[Result "0-1"]
[WhiteElo "1773"]
[BlackElo "1823"]
[PlyCount "91"]
[EventDate "2001.??.??"]

1. d4 Nf6 2. Nf3 d5 3. Bg5 e6 4. e3 Be7 5. Bd3 Nbd7 6. O-O O-O 7. Nbd2 b6 8.
Ne5 Bb7 9. f4 c5 10. c3 Ne4 11. Bxe7 Qxe7 12. Rf3 f5 13. Nxd7 Nxd2 14. Qxd2
Qxd7 15. Rh3 Bc6 16. Qe2 Rf6 17. Kh1 Rb8 18. Rg1 Re8 19. g4 a6 20. Rhg3 Re7 21.
b3 c4 22. Bc2 cxb3 23. axb3 a5 24. Qa6 Qc7 25. Ra1 Rf8 26. Qd3 g6 27. h4 Rc8
28. gxf5 exf5 29. Qxf5 Bd7 30. Qf6 Re6 31. Qg5 Qxc3 32. Ra2 Rxe3 33. Rxe3 Qxe3
34. Qxd5+ Be6 35. Qe4 Qh3+ 36. Kg1 Bf5 37. Qd5+ Be6 38. Qe5 Rf8 39. d5 Qg3+ 40.
Kh1 Qxh4+ 41. Kg1 Qg3+ 42. Kh1 Qf3+ 43. Kh2 Bxd5 44. Bxg6 hxg6 45. Rb2 Qxf4+
46. Qxf4 0-1

[Event "Kings-Kemper"]
[Site "?"]
[Date "2001.12.20"]
[Round "?"]
[White "Goncharoff, Nic"]
[Black "Mossbridge, A."]
[Result "1-0"]
[WhiteElo "1673"]
[BlackElo "1733"]
[PlyCount "51"]
[EventDate "2001.??.??"]

1. e4 c5 2. Nf3 d6 3. Bb5+ Bd7 4. Bxd7+ Nxd7 5. O-O g6 6. c3 Bg7 7. d3 Qc7 8.
Na3 a6 9. Nc4 b5 10. Ne3 Nb6 11. Rb1 e6 12. h3 Ne7 13. Ng4 h5 14. Ngh2 O-O-O
15. Ng5 Nc6 16. Qe2 Rd7 17. Be3 Na4 18. Nhf3 Bxc3 19. bxc3 Nxc3 20. Qb2 Nxb1
21. Qxh8+ Rd8 22. Qb2 Qe7 23. h4 f6 24. Nh3 Ne5 25. Nxe5 dxe5 26. Qxb1 1-0

[Event "UOP-Knights"]
[Site "?"]
[Date "2002.01.17"]
[Round "?"]
[White "Stevanovic, Mike"]
[Black "Fridman, Yuri"]
[Result "1-0"]
[WhiteElo "2246"]
[BlackElo "2039"]
[PlyCount "77"]
[EventDate "2002.??.??"]

1. Nc3 d5 2. e4 d4 3. Nce2 c5 4. Ng3 Nc6 5. Bc4 g6 6. d3 Bg7 7. a3 Nf6 8. N1e2
b5 9. Ba2 O-O 10. O-O Bb7 11. h3 Qc7 12. f4 Rad8 13. Bd2 e6 14. b4 c4 15. dxc4
d3 16. cxd3 Rxd3 17. Bb1 Rd7 18. e5 Rfd8 19. Ra2 Ne8 20. c5 f6 21. exf6 Nxf6
22. Qe1 Ne7 23. Bc3 Nf5 24. Nxf5 exf5 25. Qf2 a6 26. Kh2 Ne4 27. Bxe4 Bxe4 28.
Bxg7 Kxg7 29. Ng3 Bb7 30. Qb2+ Kg8 31. Qf6 Rd2 32. Rf2 Rxa2 33. Rxa2 Qd7 34.
Re2 Qd5 35. h4 Ra8 36. h5 Qf7 37. Qd6 gxh5 38. c6 Bc8 39. Re7 1-0

[Event "Knights-UOP"]
[Site "?"]
[Date "2002.01.17"]
[Round "?"]
[White "Thomson, Jim"]
[Black "Buerger, Ed"]
[Result "1-0"]
[WhiteElo "1966"]
[BlackElo "2052"]
[PlyCount "49"]
[EventDate "2002.??.??"]

1. e4 c5 2. Nf3 Nc6 3. d4 cxd4 4. Nxd4 g6 5. Nc3 Bg7 6. Be3 Nf6 7. Nxc6 bxc6 8.
e5 Ng8 9. Bd4 f6 10. exf6 Nxf6 11. Bc4 d5 12. Bb3 O-O 13. Bxf6 Rxf6 14. Nxd5
cxd5 15. Bxd5+ Be6 16. Bxa8 Qxa8 17. O-O Bd5 18. Qg4 Rb6 19. c4 Be6 20. Qe2 Qc6
21. Rfe1 Bxb2 22. Rab1 Bxc4 23. Qxe7 Bf6 24. Qxa7 Ra6 25. Rb8+ 1-0

[Event "UOP-Knights"]
[Site "?"]
[Date "2002.01.17"]
[Round "?"]
[White "Boldingh, Ed"]
[Black "Samelson, Chris"]
[Result "1-0"]
[WhiteElo "1926"]
[BlackElo "1923"]
[PlyCount "37"]
[EventDate "2002.??.??"]

1. e4 d6 2. d4 Nf6 3. Nc3 g6 4. Be2 Bg7 5. Be3 O-O 6. g4 e5 7. d5 c6 8. g5 Ne8
9. h4 f5 10. dxc6 bxc6 11. Bc4+ Kh8 12. h5 f4 13. hxg6 h6 14. gxh6 Qg5 15.
hxg7+ Kxg7 16. Nf3 Qf6 17. Nxe5 dxe5 18. Rh7+ Kxg6 19. Qh5# 1-0

[Event "UOP-Knights"]
[Site "?"]
[Date "2002.01.17"]
[Round "?"]
[White "Sajbel, Pat"]
[Black "Balicki, Jeff"]
[Result "1/2-1/2"]
[WhiteElo "1819"]
[BlackElo "1711"]
[PlyCount "91"]
[EventDate "2002.??.??"]

1. e4 d5 2. e5 {Transpositional, Black is given a wide choice of good
contiuations. e6 is an Advance French or maybe KIA, Bf5 posts it before e6
with no fear, or c5 opens the battle for ownership of d4.} 2... d4 {
Probably trying to take away d4 and Nc3, but tempi are precious for Black.} 3.
Nf3 c5 4. Bc4 e6 5. O-O Nc6 6. d3 6... Nge7 { } 7. Bg5 h6 8. Bh4 8... Qb6 { } {
Is b2 really a problem? White's dark squares are really open with the b2-Pawn.}
9. Nbd2 (9. Qc1 {holds b2 and helps Bishop on the dark squares. Maybe g4-5
could be in White's future.}) 9... Nf5 10. Bg3 Be7 11. Re1 { } {I would've
d the Knight as stronger than Bishop, but Black shows differently.} 11... Na5 (
11... Qxb2 12. Rb1 Qa3 13. Rb3 13... Qa5 {
If given time, Black plays a6 and b5.} 14. Rb5 Qc7 15. Ne4 b6) 12. Rb1 Bd7 13.
c3 Qc7 (13... dxc3 14. bxc3 Qc7 15. Bb5 {with d4, Qe2, Rec1 in the works}) 14.
cxd4 Nxc4 15. dxc4 15... cxd4 { } 16. Rc1 (16. b4 a5 17. a3 axb4 18. axb4 Ra4
19. c5 Bb5) 16... Rd8 (16... O-O-O $5) 17. Ne4 Bc6 18. c5 { } 18... Bxe4 19.
Rxe4 Nxg3 20. hxg3 d3 (20... O-O 21. Qd2 {with idea of g4-5, Rh4, etc}) 21. b4
Rd5 22. Rc3 Qd7 23. Qd2 { setting the Pawn} (23. Re3 d2 24. Re2 (24. Rc2 Bg5
25. Nxg5 hxg5 26. Re2 Qa4) 24... Bg5 25. Nxg5 hxg5 26. a3 (26. Rc2 Qa4) 26...
Ke7 27. Rc2 Rd8) 23... Bg5 24. Nxg5 hxg5 25. Re3 { } 25... O-O 26. Rexd3 Rd8
27. Rxd5 exd5 (27... Qxd5 28. Qxg5) 28. Qxg5 d4 29. Rd3 29... Qd5 { } 30. f4
Rd7 31. Qg4 Rd8 32. a3 (32. Qe2 Qc4 33. Qd2) 32... Kf8 (32... Qa2 33. Qd1) 33.
Qf3 Qc4 34. Qd1 a5 35. Qb1 axb4 36. axb4 { } 36... Ra8 37. Qd1 (37. Kf2 Ra2+
38. Kf3 Qd5+) ({It would seem White only needs to secure his King to win.} 37.
Qb3 $1 37... Ra1+ (37... Qc1+ 38. Rd1) 38. Kf2 Ra2+ 39. Kf3 39... Qb5 $2 (39...
Qa6 40. b5 (40. Rxd4 $4 40... Qe2#)) 40. Qxa2) 37... Qxb4 38. Rxd4 38... Qxc5 {
} 39. Kh2 Re8 40. Rd7 Qc6 41. Rd6 (41. Qd6+ Qxd6 42. Rxd6 b5 43. Rb6) 41... Qc5
42. Rd7 b5 43. Rb7 Qc6 44. Qd6+ (44. Qd7 Qxd7 45. Rxd7 Rb8 46. Rd3 b4 47. Rb3
Ke7 48. Kh3 Ke6 49. Kg4 Kd5 50. Kf5 Kc4 51. Rb1 b3 52. e6 fxe6+ 53. Kxe6 b2 54.
g4 Kc3 55. f5 Kc2 56. Rf1 b1=Q 57. Rxb1 Rxb1 58. g5 {
is a draw since Black must sac his Rook to stop queening}) 44... Qxd6 45. exd6
Rd8 46. Rxb5 1/2-1/2

[Event "Knights-UOP"]
[Site "?"]
[Date "2002.01.17"]
[Round "?"]
[White "Alfonso, Ed"]
[Black "Van Zile, Charlie"]
[Result "1-0"]
[WhiteElo "1595"]
[BlackElo "1345"]
[PlyCount "43"]
[EventDate "2002.??.??"]

1. e4 e5 2. Nf3 Nc6 3. d4 exd4 4. Nxd4 Qf6 5. Be3 Nge7 6. Nc3 d6 7. Ndb5 Kd8 8.
f4 a6 9. e5 Qg6 10. exd6 cxd6 11. Nxd6 Kc7 12. Ne8+ Kb8 13. Qd2 f5 14. Nd6 Qe6
15. Bc4 Qd7 16. O-O-O Ng6 17. Bc5 Be7 18. Rhe1 Bd8 19. Nd5 Bc7 20. Nxc7 Qxc7
21. Nf7 Qxf4 22. Bd6+ 1-0

[Event "Excaliburs-Kings"]
[Site "?"]
[Date "2002.01.17"]
[Round "?"]
[White "Inumerable, Florin"]
[Black "Melnikov, Igor"]
[Result "1-0"]
[WhiteElo "2292"]
[BlackElo "2015"]
[PlyCount "43"]
[EventDate "2002.??.??"]

1. d4 Nf6 2. c4 e6 3. Nc3 d5 4. Bg5 Be7 5. e3 O-O 6. Nf3 Nbd7 7. Bd3 h6 8. Bh4
c5 9. O-O cxd4 10. exd4 dxc4 11. Bxc4 Nb6 12. Bb3 Re8 13. Re1 Nh5 14. Bxe7 Rxe7
15. Re5 Nf6 16. Qe2 Rd7 17. h3 Nbd5 18. Re1 b6 19. Nxd5 Nxd5 20. Rxe6 fxe6 21.
Qxe6+ Kh7 22. Bc2+ 1-0

[Event "Excaliburs-Kings"]
[Site "?"]
[Date "2002.01.17"]
[Round "?"]
[White "Sollano, Ely"]
[Black "Piparia, Jankesh"]
[Result "1-0"]
[WhiteElo "1983"]
[BlackElo "1857"]
[PlyCount "65"]
[EventDate "2002.??.??"]

1. Nf3 d5 2. c4 e6 3. g3 Nf6 4. Bg2 c6 5. b3 Bc5 6. O-O dxc4 7. bxc4 O-O 8. d4
Be7 9. Nc3 Nbd7 10. Rb1 Qa5 11. Qc2 Qh5 12. e4 Nb6 13. e5 Ne8 14. Qe2 Rb8 15.
a4 Nd7 16. Ne4 c5 17. Ba3 b6 18. dxc5 bxc5 19. Rxb8 Nxb8 20. Bxc5 Bxc5 21. Nxc5
Nc6 22. Qe4 Ne7 23. Qa8 f6 24. Qxa7 Ng6 25. Qb8 Ne7 26. Re1 Qg4 27. Ne4 Bd7 28.
exf6 Nxf6 29. Nxf6+ gxf6 30. Qd6 Bc6 31. Qxe6+ Qxe6 32. Rxe6 Rf7 33. a5 1-0

[Event "Kings-Excaliburs"]
[Site "?"]
[Date "2002.01.17"]
[Round "?"]
[White "Cygan, Joe"]
[Black "Kogan, Grig"]
[Result "1-0"]
[WhiteElo "1823"]
[BlackElo "1815"]
[PlyCount "67"]
[EventDate "2002.??.??"]

1. e4 c5 2. Nf3 Nc6 3. Bc4 e6 4. d4 cxd4 5. Nxd4 a6 6. O-O Bc5 7. Nb3 Ba7 8.
Bf4 Nf6 9. e5 Ng8 10. Qg4 Kf8 11. Nc3 Nge7 12. Rfe1 Ng6 13. Bg3 Nb4 14. Rad1
Nxc2 15. Re2 Nb4 16. Bxe6 fxe6 17. Qxb4+ Kf7 18. Ne4 Rf8 19. Nbc5 Qe7 20. Nd6+
Kg8 21. Nce4 b5 22. Qd2 a5 23. a3 Ba6 24. b4 axb4 25. axb4 h5 26. h3 h4 27. Bh2
Bb8 28. Ree1 Ba7 29. Ra1 Bb6 30. Rec1 Qd8 31. Qd1 Nf4 32. Bxf4 Rxf4 33. Qh5 Qf8
34. Ng5 1-0

[Event "Kings-Excaliburs"]
[Site "?"]
[Date "2002.01.17"]
[Round "?"]
[White "Goncharoff, Nic"]
[Black "Weitz, Ron"]
[Result "0-1"]
[WhiteElo "1673"]
[BlackElo "1640"]
[PlyCount "112"]
[EventDate "2002.??.??"]

1. e4 e5 2. Nf3 Nc6 3. a3 Nf6 4. Nc3 a6 5. Bc4 h6 6. O-O Bc5 7. d3 O-O 8. h3
Re8 9. Be3 b6 10. Bxc5 bxc5 11. Nd5 Na5 12. Nxf6+ Qxf6 13. Bd5 c6 14. Ba2 d6
15. b4 Nb7 16. Bc4 Be6 17. Bxe6 Qxe6 18. c4 d5 19. cxd5 cxd5 20. exd5 Qxd5 21.
Qc2 Rac8 22. bxc5 Nxc5 23. Qc4 Qxd3 24. Qxd3 Nxd3 25. Rfd1 Rb8 26. Rd2 f6 27.
Kf1 Rec8 28. Ke2 Nc1+ 29. Kd1 Nb3 30. Raa2 Nxd2 31. Kxd2 a5 32. Ne1 a4 33. Nc2
Rb3 34. Na1 Rb1 35. Nc2 Rd8+ 36. Ke2 Rb3 37. Nb4 Kf7 38. h4 Ke6 39. g4 g6 40.
f3 Rc8 41. Nc2 Rcc3 42. f4 Rh3 43. f5+ gxf5 44. gxf5+ Kf7 45. Kf2 Rh2+ 46. Kg1
Rxh4 47. Nb4 h5 48. Nc6 Rg4+ 49. Kh2 Rgg3 50. Nd8+ Ke8 51. Ne6 Rxa3 52. Rc2
Rh3+ 53. Kg2 Rag3+ 54. Kf1 Rh1+ 55. Kf2 Rh2+ 56. Kxg3 Rxc2 0-1

[Event "Kings-Knights"]
[Site "?"]
[Date "2002.01.20"]
[Round "?"]
[White "Melnikov, Igor"]
[Black "Fridman, Yuri"]
[Result "0-1"]
[WhiteElo "2015"]
[BlackElo "2039"]
[PlyCount "50"]
[EventDate "2002.??.??"]

1. d4 Nf6 2. c4 g6 3. Nc3 Bg7 4. Nf3 O-O 5. Bg5 d6 6. Qd2 Re8 7. e4 { } 7... c5
8. dxc5 dxc5 9. Qxd8 9... Rxd8 { } 10. e5 Ng4 11. Bxe7 Re8 12. Bxc5 Nxe5 13.
Nxe5 Rxe5+ 14. Be3 {
White has bypassed the middlegame, arriving in a Pawn-up ending.} 14... Nc6 15.
O-O-O {In similiar KID Exchange lines, White likes King to help defend
Queenside and take possession of the d-file. In those lines, however, the
e-Pawns are on the board (Pe4 and Pe5) which block the g7-Bishop's activity.
Here, Black gets plenty of action.} ({Black's counterplay obviously depends on
Queenside pressure with the minors, so maybe} 15. Be2 {and 0-0 is indicated.
Afterwards, I like to play Rc1 which protects Nc3 and Pc4, maybe also getting
b4 in to grab space.}) 15... Be6 16. Kb1 {
Anticipates Rc8, but still isn't safe.} 16... Rc8 17. Nd5 { } 17... b5 $1 {
undermining Nd5, of course} 18. f4 Bf5+ 19. Ka1 { } 19... Rxd5 $3 20. Rxd5 (20.
cxd5 20... Nb4 {threatening to win Be3 with Nc2+. Or even Nc2+ then Ne3+ which
wins a full Rook!} 21. Bd2 (21. Bxa7 $2 21... Ra8 {
White loses Bishop or is mated.}) (21. Bc1 Nc2+ 22. Kb1 Ne3+ 23. Ka1 Nxd1)
21... Nc2+ 22. Kb1 { } 22... Ne3+ 23. Ka1 Nxd1) 20... Nb4 {
similar to the 20 cxd5 line examined above, so} 21. Rxf5 gxf5 22. Bd2 $2 (22.
Bxa7 $2 22... Ra8 23. Bc5 Rxa2+ 24. Kb1 Rxb2+ 25. Kc1 Na2+ 26. Kd1 26... bxc4 {
and White has backrank problems} 27. Ba3 27... Nc3+ $1 {
I outline Black's play, using the passer as well as backrank themes.} 28. Ke1 (
28. Kc1 28... Ra2 {is similar} 29. Bb2 (29. Bb4 Nd5 30. Be1 (30. Bd2 c3 31. Be1
Ra1+)) 29... Ne4 30. Bxg7 Kxg7 31. Kb1 31... Rf2 $1 {
and wins with Rxf1 to fork with Nd2+} 32. Kc1 Nd2) 28... Ra2 29. Bb4 Nd5 30.
Bd2 c3 31. Bc1 Ra1 32. Kd1 Ne3+ 33. Ke2 Rxc1 34. Kxe3 Rd1) 22... Rd8 {
Backrank and hanging Bd2} 23. Bc1 Rd1 24. Kb1 { } 24... bxc4 25. b3 25... c3 {
c2 will be mate!} 0-1

[Event "Knights-Kings"]
[Site "?"]
[Date "2002.01.20"]
[Round "?"]
[White "Thomson, Jim"]
[Black "Wallach, Cliff"]
[Result "0-1"]
[WhiteElo "1966"]
[BlackElo "2005"]
[PlyCount "90"]
[EventDate "2002.??.??"]

1. e4 Nc6 2. d4 d5 3. e5 Bf5 4. f4 e6 5. Nf3 Be7 6. Bd3 Nh6 7. O-O O-O 8. c3 f6
9. Bxf5 Nxf5 10. g4 Nh6 11. exf6 gxf6 12. f5 Nxg4 13. Nh4 Kh8 14. h3 Qd6 15.
Qxg4 Rg8 16. Ng6+ hxg6 17. Qh4+ Kg7 18. Qh6+ Kf7 19. Qh7+ Rg7 20. fxg6+ Kf8 21.
Bf4 Qxf4 22. Rxf4 Rxh7 23. gxh7 Kf7 24. Nd2 Rh8 25. Kg2 Rxh7 26. Rh1 Bd6 27.
Rf3 Ne7 28. Kf2 Nf5 29. Nf1 c5 30. Rd3 cxd4 31. cxd4 Rh4 32. Nd2 Nxd4 33. Nf3
Nxf3 34. Rxf3 e5 35. Ke2 e4 36. Rb3 b6 37. Rc1 d4 38. Rh1 Ke6 39. Kd2 f5 40.
Rb5 Bf4+ 41. Kd1 d3 42. Rg1 Kf6 43. Rh1 e3 44. Rg1 Rxh3 45. Ke1 Rh2 0-1

[Event "Kings-Knights"]
[Site "?"]
[Date "2002.01.20"]
[Round "?"]
[White "Piparia, Jankesh"]
[Black "Samelson, Chris"]
[Result "0-1"]
[WhiteElo "1857"]
[BlackElo "1923"]
[PlyCount "64"]
[EventDate "2002.??.??"]

1. e4 e6 2. d4 d5 3. e5 c5 4. c3 Nc6 5. Nf3 Nge7 6. Bd3 cxd4 7. cxd4 Nb4 8. Nc3
Nxd3+ 9. Qxd3 Nf5 10. O-O Be7 11. Bd2 Bd7 12. Rfc1 Rc8 13. a4 a6 14. Ne1 Rc4
15. Nc2 h5 16. b3 Rc8 17. Ne3 Nxe3 18. Qxe3 f5 19. exf6 gxf6 20. Re1 Kf7 21.
Re2 Bd6 22. f4 f5 23. Rf1 Qf6 24. Qd3 Rcg8 25. Rf3 Rg4 26. h3 Rg6 27. Nd1 Rhg8
28. Ref2 Qh4 29. Kh2 Qf6 30. Kg1 h4 31. Kh1 Qg7 32. Qf1 Bc7 0-1

[Event "Knights-Kings"]
[Site "?"]
[Date "2002.01.20"]
[Round "?"]
[White "Augsburger, Len"]
[Black "Cygan, Joe"]
[Result "1-0"]
[WhiteElo "1698"]
[BlackElo "1823"]
[PlyCount "48"]
[EventDate "2002.??.??"]

1. e4 c5 2. d4 cxd4 3. c3 dxc3 4. Nxc3 Nc6 5. Nf3 d6 6. Bc4 a6 7. O-O Nf6 8.
Qe2 Bg4 9. Rd1 Bxf3 10. gxf3 Ne5 11. Bb3 h6 12. f4 Nc6 13. e5 e6 14. exf6 Qxf6
15. Ne4 Qg6+ 16. Kh1 Rd8 17. Ng3 Qf6 18. Be3 g5 19. Nh5 Qf5 20. Bb6 gxf4 21.
Bc2 Qh3 22. Nxf4 Qh4 23. Nxe6 Kd7 24. Bf5 Ne5 1-0

[Event "Kings-Knights"]
[Site "?"]
[Date "2002.01.20"]
[Round "?"]
[White "Goncharoff, Nic"]
[Black "Balicki, Jeff"]
[Result "1-0"]
[WhiteElo "1673"]
[BlackElo "1711"]
[PlyCount "84"]
[EventDate "2002.??.??"]

1. e4 e5 2. Nf3 Nc6 3. a3 Bc5 4. Bc4 d6 5. h3 Be6 6. Bb5 Qd7 7. Nc3 a6 8. Bxc6
Qxc6 9. d3 Ne7 10. Qe2 f6 11. Be3 Bxe3 12. Qxe3 d5 13. exd5 Nxd5 14. Nxd5 Bxd5
15. O-O-O O-O 16. Rhg1 b5 17. Nd2 b4 18. axb4 Rfb8 19. Qc5 Bxg2 20. Qxc6 Bxc6
21. c3 Rd8 22. Kc2 Rd7 23. Ne4 a5 24. Nxf6+ Kf7 25. Nxd7 Bxd7 26. bxa5 Rxa5 27.
Ra1 Rc5 28. Rg3 Bf5 29. Ra4 c6 30. b3 g6 31. Re3 Kf6 32. Rc4 Rxc4 33. bxc4 Ke6
34. f4 c5 35. Rxe5+ Kd6 36. Re3 h5 37. h4 Kd7 38. Re5 Kd6 39. Kd2 Be6 40. Ke3
Bf5 41. d4 cxd4+ 42. cxd4 Kd7 1-0

[Event "Kings-Knights"]
[Site "?"]
[Date "2002.01.20"]
[Round "?"]
[White "Rabinovich, Eugene"]
[Black "Phelps, Doug"]
[Result "0-1"]
[WhiteElo "1306"]
[BlackElo "1181"]
[PlyCount "88"]
[EventDate "2002.??.??"]

1. e4 c6 2. d4 d5 3. Nc3 dxe4 4. Nxe4 Nd7 5. Nf3 Ngf6 6. Nxf6+ Nxf6 7. c3 Bf5
8. Qb3 b5 9. Bxb5 cxb5 10. Qxb5+ Bd7 11. Qb3 e6 12. Bf4 Bc6 13. Qd1 Bd6 14.
Bxd6 Qxd6 15. O-O Ng4 16. Ne5 Nxe5 17. dxe5 Qxe5 18. Qg4 O-O 19. Rfe1 Qd5 20.
a3 Qf5 21. Qg3 Qg6 22. Re3 Qxg3 23. Rxg3 Rfd8 24. Re3 Rd2 25. Rb1 Rad8 26. Ree1
Rc2 27. Red1 Rdd2 28. g3 Rxb2 29. c4 Bf3 30. Rdc1 Rxb1 31. Rxb1 Rd1+ 32. Rxd1
Bxd1 33. f4 f5 34. Kf2 Kf7 35. Ke3 Ke7 36. Kd4 Kd6 37. h3 h5 38. h4 a5 39. c5+
Kc6 40. Kc4 Bf3 41. Kd4 Bd5 42. Ke5 Kxc5 43. a4 Bb3 44. g4 hxg4 0-1

[Event "Knights-Kings"]
[Site "?"]
[Date "2002.01.20"]
[Round "?"]
[White "Marshall, Kevin"]
[Black "Phelps, Doug"]
[Result "1-0"]
[WhiteElo "1351"]
[BlackElo "1181"]
[PlyCount "49"]
[EventDate "2002.??.??"]

1. d4 d5 2. c4 dxc4 3. Nf3 e6 4. e4 Nd7 5. Bxc4 c5 6. Be3 cxd4 7. Bxd4 Ngf6 8.
Nc3 Bc5 9. Bxc5 Nxc5 10. Qxd8+ Kxd8 11. Rd1+ Ke7 12. e5 Nfe4 13. O-O Nxc3 14.
bxc3 Rd8 15. Rxd8 Kxd8 16. Rd1+ Ke7 17. Nd4 a6 18. f4 g6 19. g4 Bd7 20. Re1 Rd8
21. Re3 Bc8 22. Rh3 Ne4 23. Ne2 b5 24. Nd4 Nxc3 25. Nc6+ 1-0

[Event "Knights-Kings"]
[Site "?"]
[Date "2002.01.17"]
[Round "?"]
[White "Marshall, Kevin"]
[Black "Gryparis, John"]
[Result "1-0"]
[WhiteElo "1351"]
[BlackElo "1497"]
[PlyCount "143"]
[EventDate "2002.??.??"]

1. d4 d5 2. c4 dxc4 3. Nf3 e6 4. Nc3 Bb4 5. a3 Bxc3+ 6. bxc3 c6 7. e4 b5 8. a4
Bb7 9. Be2 Nf6 10. e5 Nd5 11. Qc2 h6 12. Rb1 Ba6 13. O-O Qa5 14. axb5 cxb5 15.
Bd2 Nd7 16. Ra1 Qb6 17. Ra2 Bb7 18. Rb1 Qc6 19. Ne1 a5 20. Rab2 Ba6 21. Qe4 f5
22. Bh5+ Kd8 23. Qh4+ Kc7 24. Bf3 g5 25. Qh5 g4 26. Bxd5 Qxd5 27. Qh4 h5 28.
Bg5 Rab8 29. Be7 Kc6 30. Bd6 f4 31. Bxb8 Nxb8 32. Qf6 Qd7 33. Qxh8 Qc7 34. Qxh5
Qg7 35. Qe8+ Nd7 36. Qxe6+ Kb7 37. Rxb5+ Bxb5 38. Rxb5+ Kc8 39. Qxc4+ Kd8 40.
Rxa5 g3 41. hxg3 fxg3 42. Ra8+ Ke7 43. Qe2 gxf2+ 44. Qxf2 Ke6 45. Ra6+ Ke7 46.
Ra7 Ke6 47. Nd3 Qg5 48. Nc5+ Nxc5 49. dxc5 Qc1+ 50. Qf1 Qxc3 51. Ra6+ Kxe5 52.
c6 Qd4+ 53. Qf2 Qd1+ 54. Kh2 Qh5+ 55. Kg3 Qg5+ 56. Kf3 Qf4+ 57. Ke2 Qc4+ 58.
Ke1 Qc1+ 59. Ke2 Qc4+ 60. Kf3 Qxa6 61. Qe2+ Qxe2+ 62. Kxe2 Kd6 63. Ke3 Kxc6 64.
Ke4 Kd6 65. Kf5 Ke7 66. Kg6 Kf8 67. g4 Kg8 68. g5 Kh8 69. Kf7 Kh7 70. g6+ Kh8
71. g7+ Kh7 72. g8=Q+ 1-0